Fundamentos de interacciones intermoleculares de proteínas de interés industrial /

Detalles Bibliográficos
Autores principales: Solanilla Duque, José Fernando, 1967- (Autor), Bravo Gómez, Jesús Eduardo (Autor), Roa Acosta, Diego Fernando (Autor)
Formato: Electrónico eBook
Lenguaje:español
Publicado: Popayán, Colombia : Editorial Universidad del Cauca, 2022.
Edición:Primera edición en español.
Materias:
Acceso en línea:Digitalia Hispánica

MARC

LEADER 00000nam a2200000 i 4500
001 DIGUCAUCA0142
003 NyNyDIG
006 m o d
007 cr |||||||||||
008 231008s2022 ck a ob 001 0 spa d
035 |a (OCoLC)1394135856 
040 |a DGITA  |b eng  |e rda  |e pn  |c DGITA 
020 |a 9789587325867  |q digital 
020 |z 9789587325850  |q impreso 
050 1 4 |a QP517.M65 ebook 
100 1 |a Solanilla Duque, José Fernando,  |d 1967-  |e author. 
245 1 0 |a Fundamentos de interacciones intermoleculares de proteínas de interés industrial /  |c Jose Fernando Solanilla Duque, Jesús Eduardo Bravo Gómez, Diego Fernando Roa Acosta. 
250 |a Primera edición en español. 
264 1 |a Popayán, Colombia :  |b Editorial Universidad del Cauca,  |c 2022. 
300 |a 1 online resource :  |b illustrations. 
336 |a text  |b txt  |2 rdacontent 
337 |a computer file  |b c  |2 rdamedia 
338 |a online resource  |b cr  |2 rdacarrier 
347 |a text file  |2 rdaft 
347 |b PDF 
504 |a Includes bibliographical references and Index. 
588 0 |a Online resource; title from PDF title page (Digitalia, viewed October 8, 2023) 
650 0 |a Molecular dynamics. 
650 0 |a Intermolecular forces. 
650 0 |a Proteins  |x Industrial applications. 
700 1 |a Bravo Gómez, Jesús Eduardo,  |e author.  
700 1 |a Roa Acosta, Diego Fernando,  |e author.  
776 0 8 |i Print version:  |a Solanilla Duque, José Fernando, 1967-  |t Fundamentos de interacciones intermoleculares de proteínas de interés industrial.  |b Primera edición en español.  |d Popayán, Colombia : Editorial Universidad del Cauca, 2022  |z 9789587325850 
791 2 |a Digitalia (Firm),  |e distributor. 
793 0 |g Digitalia eBook Collection:  |a Universidad del Cauca 
856 4 0 |3 Digitalia Hispánica  |u https://www.digitaliapublishing.com/a/129857/ 
910 |a Premium collection: 2023